[Event "Madrid 2011/2012- Semifinal A "]
[Site "Madrid ESP"]
[Date "2012.04.12"]
[Round "3.19"]
[White "Yagüe Sanchez, Sergio Roberto"]
[Black "De La Horra Del Barco, Ricardo"]
[Result "0-1"]
[WhiteElo "1844"]
[BlackElo "2055"]
[PlyCount "66"]
[EventDate "2012.04.10"]
[EventType "swiss"]
[EventRounds "9"]
[EventCountry "ESP"]
[Source "lmi"]
[SourceDate "2012.04.10"]

1. d4 Nf6 2. c4 e6 3. Nc3 Bb4 4. e3 O-O 5. Nge2 c5 6. a3 Bxc3+ 7. Nxc3 cxd4 8.
exd4 d5 9. cxd5 Nxd5 10. Qb3 Nc6 11. Be3 Nxe3 12. fxe3 Qg5 13. Ne4 Qh4+ 14. Ng3
b6 15. Be2 Bb7 16. O-O Qd8 17. Bf3 Na5 18. Qd3 Bd5 19. Bxd5 Qxd5 20. Rac1 Rac8
21. Ne2 Qd7 22. b4 Nb7 23. Qd2 Nd6 24. Rxc8 Rxc8 25. Rc1 Rxc1+ 26. Qxc1 h6 27.
Qc2 Qb7 28. Nf4 b5 29. Qb3 Qe4 30. Kf2 g5 31. Nd3 Nf5 32. Nc5 Qh4+ 33. Kg1 Qe1#
0-1

[Event "Madrid 2011/2012- Semifinal A "]
[Site "Madrid ESP"]
[Date "2012.04.12"]
[Round "3.20"]
[White "Ocaña Lameiro, Oliver"]
[Black "Lopez Heras, Arturo"]
[Result "1-0"]
[WhiteElo "2002"]
[BlackElo "1882"]
[PlyCount "93"]
[EventDate "2012.04.10"]
[EventType "swiss"]
[EventRounds "9"]
[EventCountry "ESP"]
[Source "lmi"]
[SourceDate "2012.04.10"]

1. d4 e6 2. Nf3 c5 3. g3 Nf6 4. Bg2 Nc6 5. O-O d5 6. c4 dxc4 7. Qa4 Bd7 8. Qxc4
cxd4 9. Nxd4 Rc8 10. Nxc6 Bxc6 11. Bxc6+ Rxc6 12. Qa4 Bc5 13. b4 Qd4 14. Bd2
O-O 15. Bc3 Qc4 16. Qa3 Bd4 17. b5 Rcc8 18. Bb2 Rfd8 19. Rc1 Qd5 20. Bxd4 Qxd4
21. Nc3 Ng4 22. Nd1 Qb6 23. Qf3 Nf6 24. a4 h6 25. Ne3 Qd4 26. Qxb7 Rxc1+ 27.
Rxc1 Qxa4 28. Rc7 Rf8 29. Qa6 Qxa6 30. bxa6 Ra8 31. Nc4 Ne8 32. Rb7 f6 33. Na5
Nd6 34. Rd7 Ne4 35. Rc7 Kf8 36. f3 Nd6 37. e4 e5 38. Kf2 Nb5 39. Rc5 Nd4 40.
Nc6 Ne6 41. Ra5 Ke8 42. Nb4 Kd7 43. Rb5 Nc7 44. Rb7 Kc8 45. Nd5 Nxa6 46. Rxg7
Nc5 47. Rc7+ 1-0

[Event "Madrid 2011/2012- Semifinal A "]
[Site "Madrid ESP"]
[Date "2012.04.12"]
[Round "3.21"]
[White "Lopez Peral, Enrique"]
[Black "Sterling Carmona, Francisco"]
[Result "1-0"]
[WhiteElo "1844"]
[BlackElo "2072"]
[PlyCount "91"]
[EventDate "2012.04.10"]
[EventType "swiss"]
[EventRounds "9"]
[EventCountry "ESP"]
[Source "lmi"]
[SourceDate "2012.04.10"]

1. Nf3 c5 2. c4 Nf6 3. g3 b6 4. Bg2 Bb7 5. O-O e6 6. Nc3 Be7 7. b3 O-O 8. Bb2
d6 9. e3 a6 10. Rc1 Nbd7 11. Qc2 Qc7 12. Rcd1 Rac8 13. d3 Rfd8 14. Rd2 Qb8 15.
Rfd1 Qa8 16. Ne1 Bxg2 17. Nxg2 Qc6 18. d4 cxd4 19. Rxd4 Ne5 20. Ne1 b5 21. cxb5
axb5 22. Qe2 Ra8 23. a3 Rdb8 24. Rc1 Qe8 25. Nf3 Nc6 26. Rdd1 b4 27. Nb5 Qd7
28. a4 Na5 29. Rc7 Qd8 30. Nfd4 Nd5 31. Nc6 Nxc6 32. Rxc6 Rc8 33. Rdc1 Rxc6 34.
Rxc6 Rc8 35. Qc4 Rxc6 36. Qxc6 f5 37. Nd4 Kf7 38. Nxf5 exf5 39. Qxd5+ Kg6 40.
e4 Qc8 41. a5 fxe4 42. Qxe4+ Kf7 43. Qxb4 Qf5 44. Qf4 Qxf4 45. gxf4 d5 46. Bd4
1-0

[Event "Madrid 2011/2012- Semifinal A "]
[Site "Madrid ESP"]
[Date "2012.04.12"]
[Round "3.23"]
[White "Redondo Garcia, Jose Luis"]
[Black "Fernandez Garcia, Ignacio"]
[Result "0-1"]
[WhiteElo "1817"]
[BlackElo "1909"]
[PlyCount "46"]
[EventDate "2012.04.10"]
[EventType "swiss"]
[EventRounds "9"]
[EventCountry "ESP"]
[Source "lmi"]
[SourceDate "2012.04.10"]

1. c4 Nf6 2. Nc3 g6 3. e3 Bg7 4. d4 d6 5. b4 O-O 6. g3 c5 7. bxc5 dxc5 8. Rb1
cxd4 9. exd4 Nc6 10. d5 Ne5 11. Qe2 Bf5 12. Rb3 Nd3+ 13. Kd1 e6 14. Bg2 exd5
15. Nxd5 Re8 16. Be3 Ng4 17. Rxd3 Nxf2+ 18. Qxf2 Bxd3 19. c5 Bc4 20. Qd2 Bxd5
21. Qxd5 Rxe3 22. Kc2 Qf6 23. Qxb7 Qc3+ 0-1

[Event "Madrid 2011/2012- Semifinal A "]
[Site "Madrid ESP"]
[Date "2012.04.12"]
[Round "3.24"]
[White "Carrera Cabañeros, Francisco"]
[Black "Camarero Izquierdo, Juan Carlos"]
[Result "0-1"]
[WhiteElo "1814"]
[BlackElo "1881"]
[PlyCount "76"]
[EventDate "2012.04.10"]
[EventType "swiss"]
[EventRounds "9"]
[EventCountry "ESP"]
[Source "lmi"]
[SourceDate "2012.04.10"]

1. d4 f5 2. c4 e6 3. Nc3 Bb4 4. Nf3 Nf6 5. e3 b6 6. Be2 Bb7 7. O-O Bxc3 8. bxc3
Ne4 9. Qb3 O-O 10. Bb2 Nc6 11. c5 Qf6 12. cxb6 axb6 13. c4 Na5 14. Qb4 d6 15.
c5 Ng5 16. d5 Qg6 17. cxd6 Bxd5 18. Nxg5 Qxg5 19. g3 Nc6 20. Qc3 cxd6 21. Bc4
Ne7 22. Qb4 Bxc4 23. Qxc4 d5 24. Qb4 Nc8 25. Rfc1 Qd8 26. Rc6 b5 27. Rac1 Qe8
28. Qc3 e5 29. f4 d4 30. exd4 exf4 31. gxf4 b4 32. Qxb4 Qe3+ 33. Kh1 Ne7 34.
Qc4+ Kh8 35. Rc7 Qf3+ 36. Kg1 Nd5 37. Rf1 Qe3+ 38. Kh1 Nxc7 0-1

[Event "Madrid 2011/2012- Semifinal A "]
[Site "Madrid ESP"]
[Date "2012.04.16"]
[Round "4.1"]
[White "Garcia Prados, David"]
[Black "Nuñez Reiz, Antonio"]
[Result "0-1"]
[WhiteElo "2070"]
[BlackElo "2061"]
[PlyCount "96"]
[EventDate "2012.04.10"]
[EventType "swiss"]
[EventRounds "9"]
[EventCountry "ESP"]
[Source "lmi"]
[SourceDate "2012.04.10"]

1. e4 e5 2. Nf3 Nc6 3. Bb5 Nf6 4. d3 d6 5. h3 Be7 6. c3 O-O 7. Be3 a6 8. Ba4 b5
9. Bc2 Bb7 10. O-O Nb8 11. Nbd2 c5 12. Qe2 Nbd7 13. Rfd1 d5 14. Bg5 h6 15. Bh4
Re8 16. Bg3 Bf8 17. Nh4 g6 18. Nhf3 Bg7 19. Bh4 Qb6 20. Nh2 a5 21. Ng4 a4 22.
a3 Nh5 23. Bg3 f5 24. exf5 gxf5 25. Nh2 Qg6 26. Nhf1 d4 27. Nf3 Nf4 28. Qd2
Nxh3+ 29. Kh1 Qh5 30. N1h2 Bxf3 31. Nxf3 Nxf2+ 32. Kg1 Nxd1 33. Bxd1 Qg6 34.
Kh2 e4 35. Nh4 e3 36. Qxe3 Rxe3 37. Nxg6 dxc3 38. bxc3 Bxc3 39. Rb1 b4 40. Bf4
Re1 41. Bg3 Re3 42. Bf4 Re6 43. Bf3 Nb6 44. Nh4 Rd8 45. Nxf5 bxa3 46. Nxh6+ Kf8
47. Rf1 a2 48. Bh5 Rf6 0-1

[Event "Madrid 2011/2012- Semifinal A "]
[Site "Madrid ESP"]
[Date "2012.04.16"]
[Round "4.2"]
[White "Gomez Gonzalez, Javier"]
[Black "Rodrigo Yanguas, Maria"]
[Result "1/2-1/2"]
[WhiteElo "2077"]
[BlackElo "2181"]
[PlyCount "122"]
[EventDate "2012.04.10"]
[EventType "swiss"]
[EventRounds "9"]
[EventCountry "ESP"]
[Source "lmi"]
[SourceDate "2012.04.10"]

1. e4 e6 2. d4 d5 3. exd5 exd5 4. Bd3 Bd6 5. h3 Nc6 6. Nf3 Nge7 7. O-O h6 8. a3
Be6 9. Qe2 Qd7 10. c4 dxc4 11. Bxc4 Bxc4 12. Qxc4 O-O 13. Nc3 Nf5 14. Rd1 Rfe8
15. g4 Nfe7 16. Ne5 Qe6 17. Qxe6 fxe6 18. Nc4 Rad8 19. Ne4 Nxd4 20. Ncxd6 Nb3
21. Rb1 cxd6 22. Nxd6 Rd7 23. Bf4 Red8 24. Rd3 Nc5 25. Rc3 b6 26. Nb5 Nd5 27.
Rc4 Nxf4 28. Rxf4 a6 29. Nc3 Rd2 30. Rf3 R8d3 31. Rxd3 Nxd3 32. Rd1 Rxd1+ 33.
Nxd1 Kf7 34. Kg2 Kf6 35. Kf3 Ke5 36. Ke3 Nf4 37. Nc3 Nxh3 38. Na4 b5 39. Nc5
Nf4 40. Nxa6 Nd5+ 41. Kd3 Kf4 42. Nc5 Nc7 43. b3 Kxg4 44. Ke2 h5 45. a4 bxa4
46. bxa4 h4 47. Kf1 Kf3 48. Kg1 g5 49. a5 g4 50. a6 e5 51. a7 e4 52. Ne6 Na8
53. Nd4+ Kf4 54. Ne2+ Ke5 55. Kg2 Kd5 56. Nf4+ Kd4 57. Ng6 h3+ 58. Kg3 Nb6 59.
Nf4 Na8 60. Kxg4 h2 61. Ne2+ Kd3 1/2-1/2

[Event "Madrid 2011/2012- Semifinal A "]
[Site "Madrid ESP"]
[Date "2012.04.16"]
[Round "4.3"]
[White "Martin Duque, Jesus"]
[Black "Cabañas Bravo, Juan Andres"]
[Result "1/2-1/2"]
[WhiteElo "2176"]
[BlackElo "2092"]
[PlyCount "145"]
[EventDate "2012.04.10"]
[EventType "swiss"]
[EventRounds "9"]
[EventCountry "ESP"]
[Source "lmi"]
[SourceDate "2012.04.10"]

1. e4 e5 2. Nf3 Nc6 3. Bb5 a6 4. Bxc6 dxc6 5. O-O Qd6 6. Na3 Qe6 7. b3 Ne7 8.
Nc4 Ng6 9. d4 exd4 10. Nxd4 Qg4 11. f4 Qxd1 12. Rxd1 Bg4 13. Nf3 Bc5+ 14. Kf1
Nh4 15. Be3 Nxf3 16. gxf3 Bxe3 17. Nxe3 Bxf3 18. Re1 O-O 19. Nf5 Rfe8 20. Ng3
Rad8 21. Kf2 Bg4 22. Ke3 c5 23. f5 b5 24. Kf4 h5 25. h3 Bxh3 26. Nxh5 Rd7 27.
Re3 Bg2 28. Rg1 Rd2 29. Nxg7 Kxg7 30. Rg3+ Kf6 31. R1xg2 Rd1 32. Rg1 Rxg1 33.
Rxg1 Rd8 34. Rc1 c4 35. bxc4 b4 36. Rh1 Rd4 37. Rh6+ Ke7 38. Rc6 Kd7 39. Rf6
Ke7 40. Rc6 Kd7 41. Rxa6 Rxc4 42. Ke5 Ke7 43. Kd5 Rxc2 44. Rc6 Rd2+ 45. Ke5 Kd7
46. Rc4 Rxa2 47. Rxb4 Ra6 48. Rb1 Ke7 49. Rc1 Kd7 50. Kf4 Ra4 51. Ke5 Ra6 52.
Rc4 Rb6 53. Kf4 Rb1 54. Kg5 Rb6 55. e5 Ra6 56. Rc1 Rb6 57. Rd1+ Ke7 58. Rc1 Kd7
59. Ra1 Ke7 60. Rc1 Kd7 61. e6+ fxe6 62. f6 Rb2 63. Kg6 Rf2 64. Kf7 e5 65. Rd1+
Kc6 66. Ke6 e4 67. Rc1+ Kb5 68. Re1 c5 69. Rxe4 c4 70. f7 c3 71. Re5+ Ka4 72.
Rc5 Kb3 73. Ke7 1/2-1/2

[Event "Madrid 2011/2012- Semifinal A "]
[Site "Madrid ESP"]
[Date "2012.04.16"]
[Round "4.4"]
[White "Alvarez Abejon, Amilcar"]
[Black "Garcia Gutierrez, Jose"]
[Result "0-1"]
[WhiteElo "2069"]
[BlackElo "2028"]
[PlyCount "58"]
[EventDate "2012.04.10"]
[EventType "swiss"]
[EventRounds "9"]
[EventCountry "ESP"]
[Source "lmi"]
[SourceDate "2012.04.10"]

1. Nf3 Nf6 2. g3 b6 3. Bg2 Bb7 4. O-O e6 5. c4 Be7 6. b3 c5 7. Bb2 d5 8. e3 Nc6
9. Qe2 Nb4 10. d4 dxc4 11. bxc4 Be4 12. Ne5 Bxg2 13. Kxg2 Rc8 14. Rd1 Qc7 15.
Nc3 cxd4 16. exd4 O-O 17. Qf3 Nd7 18. Nxd7 Qxd7 19. d5 Rxc4 20. a3 Nc2 21. Rac1
Nd4 22. Qg4 f5 23. Qf4 Bd6 24. Qh4 e5 25. Qg5 f4 26. Ne4 f3+ 27. Kh1 Qh3 28.
Rg1 Ne2 29. Nxd6 Rxc1 0-1

[Event "Madrid 2011/2012- Semifinal A "]
[Site "Madrid ESP"]
[Date "2012.04.16"]
[Round "4.5"]
[White "De La Horra Del Barco, Ricardo"]
[Black "Serrano Salvador, Eduardo"]
[Result "0-1"]
[WhiteElo "2055"]
[BlackElo "2364"]
[PlyCount "60"]
[EventDate "2012.04.10"]
[EventType "swiss"]
[EventRounds "9"]
[EventCountry "ESP"]
[Source "lmi"]
[SourceDate "2012.04.10"]

1. Nf3 d5 2. d4 c6 3. e3 Nf6 4. Bd3 g6 5. O-O Bg7 6. Nbd2 O-O 7. a4 Nbd7 8. Re1
Re8 9. e4 e5 10. exd5 Nxd5 11. c3 exd4 12. Rxe8+ Qxe8 13. cxd4 Nf8 14. Nc4 Ne6
15. Nd6 Qe7 16. Nxc8 Rxc8 17. Bc4 Rd8 18. Kf1 Nb6 19. Bxe6 Qxe6 20. Bg5 Rd7 21.
a5 Nc4 22. b3 Ne5 23. Qe2 Nxf3 24. Qxf3 h6 25. Re1 Qd5 26. Qh3 hxg5 27. Re8+
Bf8 28. Qh6 Qb5+ 29. Kg1 Qb4 30. g3 Qe1+ 0-1

[Event "Madrid 2011/2012- Semifinal A "]
[Site "Madrid ESP"]
[Date "2012.04.16"]
[Round "4.6"]
[White "Spitzer Isbert, Ramon"]
[Black "Pastor Alonso De Prado, Alberto E"]
[Result "1-0"]
[WhiteElo "2046"]
[BlackElo "2218"]
[PlyCount "33"]
[EventDate "2012.04.10"]
[EventType "swiss"]
[EventRounds "9"]
[EventCountry "ESP"]
[Source "lmi"]
[SourceDate "2012.04.10"]

1. e4 e5 2. Nf3 Nc6 3. Bb5 Nf6 4. O-O Nxe4 5. d4 Nd6 6. Bxc6 bxc6 7. Nxe5 Be7
8. Re1 O-O 9. Nd2 f6 10. Nd3 Re8 11. Qh5 Ba6 12. Nc5 Bf8 13. Rxe8 Qxe8 14. Qxe8
Rxe8 15. Nxa6 Re1+ 16. Nf1 Nf5 17. c3 1-0

[Event "Madrid 2011/2012- Semifinal A "]
[Site "Madrid ESP"]
[Date "2012.04.16"]
[Round "4.8"]
[White "Estrada Martinez, Cesar"]
[Black "Aguado Solana, Juan"]
[Result "1/2-1/2"]
[WhiteElo "2114"]
[BlackElo "2060"]
[PlyCount "96"]
[EventDate "2012.04.10"]
[EventType "swiss"]
[EventRounds "9"]
[EventCountry "ESP"]
[Source "lmi"]
[SourceDate "2012.04.10"]

1. c4 e5 2. g3 Nf6 3. Nc3 d5 4. cxd5 Nxd5 5. Bg2 Nb6 6. Nf3 Nc6 7. d3 Be7 8.
O-O O-O 9. Be3 Be6 10. d4 exd4 11. Nxd4 Nxd4 12. Qxd4 c6 13. Rfd1 Nc4 14. b3
Nxe3 15. Qxe3 Qa5 16. Ne4 Rfd8 17. Rd2 Bb4 18. Rxd8+ Rxd8 19. Qg5 Qxg5 20. Nxg5
Rd2 21. Nxe6 fxe6 22. e3 Bc3 23. Rc1 Bf6 24. a4 Rb2 25. Bf1 Kf7 26. Bc4 a6 27.
f4 Ke7 28. g4 h6 29. f5 exf5 30. gxf5 Be5 31. h3 Kf6 32. Rf1 b5 33. Be6 Bh2+
34. Kh1 Bd6 35. Rc1 c5 36. Rd1 Ke7 37. axb5 axb5 38. Ra1 Rh2+ 39. Kg1 Rxh3 40.
Ra7+ Ke8 41. Ra8+ Ke7 42. Ra7+ Ke8 43. Kf2 Rh2+ 44. Kf3 c4 45. bxc4 bxc4 46.
Ra8+ Ke7 47. Bxc4 Rc2 48. Bd5 Rc7 1/2-1/2

[Event "Madrid 2011/2012- Semifinal A "]
[Site "Madrid ESP"]
[Date "2012.04.16"]
[Round "4.10"]
[White "Quintero Torres, Pedro"]
[Black "Madurga Lopez, Ignacio"]
[Result "1/2-1/2"]
[WhiteElo "2022"]
[BlackElo "2073"]
[PlyCount "52"]
[EventDate "2012.04.10"]
[EventType "swiss"]
[EventRounds "9"]
[EventCountry "ESP"]
[Source "lmi"]
[SourceDate "2012.04.10"]

1. e4 c5 2. Nf3 d6 3. Bb5+ Bd7 4. Bxd7+ Qxd7 5. O-O Nf6 6. e5 dxe5 7. Nxe5 Qc7
8. Qe2 Nc6 9. Nxc6 Qxc6 10. Nc3 e6 11. d3 Be7 12. Bg5 h6 13. Bh4 Nd5 14. Bxe7
Nxe7 15. Rfe1 O-O 16. Qe4 Rac8 17. Qxc6 Nxc6 18. Rad1 Rfd8 19. Kf1 e5 20. f3 f5
21. g4 Rf8 22. Kg2 fxg4 23. fxg4 Rf4 24. Re4 Nd4 25. Nd5 Rxe4 26. dxe4 Kf7
1/2-1/2

[Event "Madrid 2011/2012- Semifinal A "]
[Site "Madrid ESP"]
[Date "2012.04.16"]
[Round "4.11"]
[White "Lorenzo Bailador, Alfredo"]
[Black "Ciuro Muñoz, Ricardo"]
[Result "0-1"]
[WhiteElo "2005"]
[BlackElo "2110"]
[PlyCount "70"]
[EventDate "2012.04.10"]
[EventType "swiss"]
[EventRounds "9"]
[EventCountry "ESP"]
[Source "lmi"]
[SourceDate "2012.04.10"]

1. e4 e6 2. d4 d5 3. Nd2 Nf6 4. e5 Nfd7 5. f4 c5 6. c3 Nc6 7. Ndf3 cxd4 8. cxd4
f6 9. Bd3 fxe5 10. fxe5 Be7 11. Ne2 Qb6 12. a3 O-O 13. Qc2 Rxf3 14. gxf3 Nxd4
15. Nxd4 Qxd4 16. f4 Bh4+ 17. Kf1 Nf8 18. Rg1 Bd7 19. Qe2 g6 20. Be3 Qa4 21.
Rg4 Bd8 22. h4 d4 23. Bd2 a6 24. h5 Bb5 25. Rc1 Bb6 26. Bb4 Kf7 27. Bxb5 Qxb5
28. Qxb5 axb5 29. Bxf8 Rxf8 30. hxg6+ hxg6 31. Ke2 Rh8 32. Rg2 Rh3 33. Ke1 Re3+
34. Kd2 Rf3 35. Rg4 Rf2+ 0-1

[Event "Madrid 2011/2012- Semifinal A "]
[Site "Madrid ESP"]
[Date "2012.04.16"]
[Round "4.12"]
[White "Ramirez Garcia, Jorge Alberto"]
[Black "Ocaña Lameiro, Oliver"]
[Result "1-0"]
[WhiteElo "2222"]
[BlackElo "2002"]
[PlyCount "115"]
[EventDate "2012.04.10"]
[EventType "swiss"]
[EventRounds "9"]
[EventCountry "ESP"]
[Source "lmi"]
[SourceDate "2012.04.10"]

1. e4 c6 2. d4 d5 3. Nc3 dxe4 4. Nxe4 Nf6 5. Nxf6+ exf6 6. c3 Bd6 7. Bd3 O-O 8.
Qc2 g6 9. Bh6 Re8+ 10. Ne2 Bf8 11. Bxf8 Rxf8 12. h4 f5 13. O-O-O h5 14. Nf4 Qd6
15. g3 Nd7 16. Rhe1 Nf6 17. Re5 Ng4 18. Re2 Bd7 19. f3 Nf6 20. Re5 Nd5 21. Nxd5
cxd5 22. f4 f6 23. Re3 Rfe8 24. Rde1 Rxe3 25. Rxe3 Re8 26. Qe2 Rxe3 27. Qxe3 b5
28. a3 Kf8 29. Qe2 Qb6 30. Qg2 Qd6 31. Qc2 a5 32. Kb1 a4 33. Ka2 Qe7 34. Qe2
Qxe2 35. Bxe2 Ke7 36. b3 Kd6 37. bxa4 bxa4 38. Kb2 Be6 39. c4 dxc4 40. Kc3 Bf7
41. Bxc4 Be8 42. Kb4 g5 43. Bb5 gxf4 44. gxf4 Bg6 45. Kc3 Kd5 46. Kd3 Kd6 47.
Bxa4 Bf7 48. Bb5 Kc7 49. Bc4 Be8 50. Kc3 Kb6 51. Kb4 Bc6 52. Be2 Be8 53. Bf3
Bf7 54. a4 Be8 55. a5+ Ka7 56. Be2 Bf7 57. Kc5 Be8 58. Kd6 1-0

[Event "Madrid 2011/2012- Semifinal A "]
[Site "Madrid ESP"]
[Date "2012.04.16"]
[Round "4.13"]
[White "De La Fuente Gonzalez, Francisco"]
[Black "Camacho Casado, Demetrio"]
[Result "1/2-1/2"]
[WhiteElo "2193"]
[BlackElo "1989"]
[PlyCount "75"]
[EventDate "2012.04.10"]
[EventType "swiss"]
[EventRounds "9"]
[EventCountry "ESP"]
[Source "lmi"]
[SourceDate "2012.04.10"]

1. c4 Nf6 2. Nc3 g6 3. g3 Bg7 4. Bg2 O-O 5. Nf3 d6 6. O-O e5 7. d3 h6 8. Rb1 a5
9. a3 Qe7 10. b4 axb4 11. axb4 Re8 12. e4 c6 13. b5 Nbd7 14. Be3 Ng4 15. Bd2
Nc5 16. h3 Nf6 17. Qc2 Bd7 18. Be3 Ne6 19. bxc6 bxc6 20. Rb7 Reb8 21. Rfb1 Rxb7
22. Rxb7 Qe8 23. Qb3 Kh7 24. Kh2 Qc8 25. Rb6 Nd4 26. Bxd4 exd4 27. Ne2 Ra5 28.
Rb8 Qa6 29. Nexd4 Rh5 30. Nc2 Ng4+ 31. Kg1 Nf6 32. Nh4 Ra5 33. Kh2 Rh5 34. d4
Qa5 35. Qb4 Qa2 36. Qb3 Qa5 37. Nb4 Qa1 38. Nc2 1/2-1/2

[Event "Madrid 2011/2012- Semifinal A "]
[Site "Madrid ESP"]
[Date "2012.04.16"]
[Round "4.14"]
[White "Gonzalez Mateos, Rafael"]
[Black "Rodriguez Bachiller, Luis"]
[Result "1-0"]
[WhiteElo "2157"]
[BlackElo "1827"]
[PlyCount "111"]
[EventDate "2012.04.10"]
[EventType "swiss"]
[EventRounds "9"]
[EventCountry "ESP"]
[Source "lmi"]
[SourceDate "2012.04.10"]

1. d4 Nf6 2. c3 e6 3. Bg5 b6 4. Nd2 Bb7 5. Ngf3 Be7 6. Qc2 d5 7. e3 c5 8. Bb5+
Nbd7 9. Ne5 O-O 10. Nc6 Bxc6 11. Bxc6 Rc8 12. Bb7 Rc7 13. Ba6 Nb8 14. Bd3 h6
15. Bh4 c4 16. Be2 b5 17. g4 Ne8 18. Bg3 Bd6 19. f4 Nc6 20. h4 Qf6 21. g5 Qg6
22. Qxg6 fxg6 23. gxh6 gxh6 24. O-O-O b4 25. Nb1 bxc3 26. Nxc3 Rb7 27. Rdg1 Ne7
28. h5 Kh7 29. Bd1 gxh5 30. Bc2+ Nf5 31. Rxh5 Rg7 32. Bxf5+ exf5 33. Nxd5 Rfg8
34. Rh3 Rg4 35. Kc2 R8g7 36. Kc3 Rb7 37. Kc2 Rbg7 38. Nc3 Bf8 39. Ne2 Nd6 40.
Rhh1 Ne4 41. Be1 Rg2 42. Kd1 Nf2+ 43. Bxf2 Rxf2 44. Rxg7+ Bxg7 45. Ke1 Rf3 46.
Kd2 Rf2 47. Rh3 Bf8 48. a3 c3+ 49. bxc3 Bxa3 50. Rh1 Bb2 51. Kd3 Kg6 52. Rb1
Ba3 53. Ra1 Be7 54. Rxa7 Kf6 55. Ra6+ Kg7 56. Ng3 1-0

[Event "Madrid 2011/2012- Semifinal A "]
[Site "Madrid ESP"]
[Date "2012.04.16"]
[Round "4.15"]
[White "Santacruz Molina, Ildefonso"]
[Black "Mansilla Tolosa, Luis E"]
[Result "0-1"]
[WhiteElo "1933"]
[BlackElo "2048"]
[PlyCount "40"]
[EventDate "2012.04.10"]
[EventType "swiss"]
[EventRounds "9"]
[EventCountry "ESP"]
[Source "lmi"]
[SourceDate "2012.04.10"]

1. d4 d5 2. Nc3 Bf5 3. Bg5 c6 4. f3 Nf6 5. Bxf6 exf6 6. e4 Be6 7. Qd2 Bb4 8.
Nge2 Na6 9. O-O-O dxe4 10. Qe3 Qa5 11. Kb1 exf3 12. gxf3 O-O-O 13. Bg2 Rhe8 14.
Qf2 Bc4 15. Bh3+ Kb8 16. a3 Bxa3 17. bxa3 Qxa3 18. Bf5 Rxe2 19. Nxe2 Rd5 20.
Nc3 Ba2+ 0-1

[Event "Madrid 2011/2012- Semifinal A "]
[Site "Madrid ESP"]
[Date "2012.04.16"]
[Round "4.16"]
[White "Pinel Mirasierra, Jose Pablo"]
[Black "Luna Hermoso, Angel"]
[Result "1-0"]
[WhiteElo "1919"]
[BlackElo "2013"]
[PlyCount "65"]
[EventDate "2012.04.10"]
[EventType "swiss"]
[EventRounds "9"]
[EventCountry "ESP"]
[Source "lmi"]
[SourceDate "2012.04.10"]

1. d4 Nf6 2. c4 e5 3. dxe5 Ne4 4. Nf3 Nc5 5. g3 Nc6 6. Bg2 d6 7. exd6 Bxd6 8.
O-O Qf6 9. Nc3 Be6 10. Bg5 Qg6 11. Nd5 f6 12. Bd2 Qf7 13. b4 Ne4 14. b5 Bxd5
15. cxd5 Ne7 16. Qa4 Nc5 17. Qc2 Nxd5 18. e4 Ne7 19. Bb4 Ne6 20. Bxd6 cxd6 21.
Qd2 Rd8 22. Qa5 Nc5 23. Nd4 O-O 24. Rac1 a6 25. Bh3 f5 26. exf5 b6 27. Qxb6 Nd5
28. Qa5 axb5 29. Ne6 Ra8 30. Qd2 Nxe6 31. fxe6 Qh5 32. Bg2 Rf5 33. Rcd1 1-0

[Event "Madrid 2011/2012- Semifinal A "]
[Site "Madrid ESP"]
[Date "2012.04.16"]
[Round "4.17"]
[White "Andalon Gomez, Carlos Jesus"]
[Black "Barroso Barroso, Jorge"]
[Result "1-0"]
[WhiteElo "2035"]
[BlackElo "1763"]
[PlyCount "43"]
[EventDate "2012.04.10"]
[EventType "swiss"]
[EventRounds "9"]
[EventCountry "ESP"]
[Source "lmi"]
[SourceDate "2012.04.10"]

1. d4 d5 2. c4 c6 3. Nc3 e6 4. e4 dxc4 5. Bxc4 b5 6. Bb3 Bb7 7. Nf3 a6 8. O-O
h6 9. d5 cxd5 10. exd5 exd5 11. Re1+ Ne7 12. Nxd5 Nbc6 13. Be3 Nxd5 14. Bb6+
Nde7 15. Bxd8 Rxd8 16. Qe2 g6 17. Ne5 Nxe5 18. Qxe5 Rh7 19. Qf6 Rd7 20. Rad1
Rxd1 21. Rxd1 Nc6 22. Bd5 1-0

[Event "Madrid 2011/2012- Semifinal A "]
[Site "Madrid ESP"]
[Date "2012.04.16"]
[Round "4.18"]
[White "Elissalt Cardenas, Hector"]
[Black "Cano Mercado, Francisco Manuel"]
[Result "1-0"]
[WhiteElo "2366"]
[BlackElo "1872"]
[PlyCount "57"]
[EventDate "2012.04.10"]
[EventType "swiss"]
[EventRounds "9"]
[EventCountry "ESP"]
[Source "lmi"]
[SourceDate "2012.04.10"]

1. c4 e6 2. Nc3 d5 3. d4 Be7 4. cxd5 exd5 5. Bf4 Nf6 6. e3 O-O 7. Bd3 c6 8. h3
Nbd7 9. Nge2 Re8 10. Qc2 Nf8 11. g4 Bd6 12. O-O-O Ng6 13. Bxd6 Qxd6 14. Ng3 Be6
15. Kb1 c5 16. Nb5 Qb6 17. Qxc5 Qxc5 18. dxc5 Red8 19. f4 Bd7 20. Nd4 Re8 21.
Rde1 Rac8 22. g5 Ne4 23. Bxe4 dxe4 24. Rc1 a5 25. Ngf5 Rc7 26. Nd6 Ra8 27. h4
Bc6 28. h5 Nf8 29. h6 1-0

[Event "Madrid 2011/2012- Semifinal A "]
[Site "Madrid ESP"]
[Date "2012.04.16"]
[Round "4.19"]
[White "Jimenez Gonzalez, Marcos"]
[Black "Rodriguez De Castro, Ayar"]
[Result "0-1"]
[WhiteElo "1848"]
[BlackElo "2160"]
[PlyCount "62"]
[EventDate "2012.04.10"]
[EventType "swiss"]
[EventRounds "9"]
[EventCountry "ESP"]
[Source "lmi"]
[SourceDate "2012.04.10"]

1. c4 Nf6 2. g3 c6 3. Bg2 d5 4. Nf3 g6 5. O-O Bg7 6. Qc2 O-O 7. b3 Bf5 8. d3
Qc8 9. Bb2 Bh3 10. Nc3 Bxg2 11. Kxg2 Nbd7 12. Rac1 e5 13. cxd5 cxd5 14. Qb1 Qd8
15. Nb5 a6 16. Na3 Re8 17. e4 b5 18. Rfe1 Qb6 19. h3 Rad8 20. b4 Qd6 21. Bc3
Nb6 22. Qb3 Rc8 23. Qb2 Na4 24. Bxe5 Nxb2 25. Bxd6 Nxd3 26. Rxc8 Nxe1+ 27. Nxe1
Rxc8 28. exd5 Nxd5 29. Nac2 Bf8 30. Bxf8 Kxf8 31. a3 Rc3 0-1

[Event "Madrid 2011/2012- Semifinal A "]
[Site "Madrid ESP"]
[Date "2012.04.16"]
[Round "4.20"]
[White "Rojas Pozo, Jose Luis"]
[Black "Martinez Montalvo, Eduardo"]
[Result "1/2-1/2"]
[WhiteElo "1976"]
[BlackElo "1860"]
[PlyCount "62"]
[EventDate "2012.04.10"]
[EventType "swiss"]
[EventRounds "9"]
[EventCountry "ESP"]
[Source "lmi"]
[SourceDate "2012.04.10"]

1. Nf3 f5 2. d4 Nf6 3. g3 e6 4. Bg2 Be7 5. O-O O-O 6. c4 d6 7. Nc3 Ne4 8. Qc2
Nxc3 9. Qxc3 Bf6 10. Qb3 Nd7 11. Bd2 e5 12. c5+ Kh8 13. cxd6 cxd6 14. dxe5 dxe5
15. Bb4 Re8 16. Nd2 Nb6 17. Rfd1 Be6 18. Qa3 Qc7 19. Rac1 Qf7 20. b3 e4 21. e3
Bd5 22. Bc3 Be7 23. Qb2 Rac8 24. Bd4 Rxc1 25. Rxc1 Rc8 26. Rxc8+ Nxc8 27. Qc3
Nb6 28. Bf1 Kg8 29. Bxb6 axb6 30. Bc4 Be6 31. Kf1 h6 1/2-1/2